| 000 | 00381nam a22001457a 4500 | ||
|---|---|---|---|
| 003 | SGT | ||
| 082 | _a621.3192,SIN | ||
| 100 | _aSINHA, UMESH | ||
| 245 | _aNETWORK ANALYSIS AND SYNTHESIS | ||
| 260 |
_aNEW DELHI _bSATYA PRAKASHAN _c2013 |
||
| 300 | _a1047 | ||
| 650 | _aELECTRONICS | ||
| 653 | _aBASIC CIRCIT ELEMENTS, MESH AND NODE ANALYSIS, NETWORK TOPOLOGY | ||
| 942 |
_2ddc _cBK |
||
| 999 |
_c9729 _d9729 |
||